1846 1599 1127 1471 1695 1250 1868 1949 1446 1017 1402 1721 1793 1957 1113 1533 1716 1175 1969 1000 1650 1131 1439 1605 1043 1069 1431 1895 1009 1516 1226 1081 1181 1786 1903 1813 1035 1069 1023 1361 1297 1513 1220 1954 1260 1354 1518 1428 1692 1849 2000 1146 1606 1510 1891 1697 1301 1917 1618 1753 1339 1365 1542 1556 1007 1830 1066 1041 1192 1301 1423 1271 1207 1247 1058 1705 1106 1254 1864 1884 1214 1877 1689 1952 1470 1964 1250 1618 1423 1283 1866 1880 1057 1621 1944 1791 1217 1438 1586 BCNSPRNW ULIB Ver.6.0+V

เปลี่ยนเป็นภาษาไทย

Change to English
 แสดงรายละเอียดบรรณานุกรม
  กลับหน้าหลัก

Brief Record : Get Marc (ISO 2709) : E-mail record : QR code < ปิดหน้าต่าง
LEADER : 00000nam 2200000uu 4500
001    13399123816
003     ULIB
008    120305s2555||||th 000 0 tha d
020    ^a9789741114177
060 04 ^aWG205^bป476ภ
100 0  ^aประดิษฐ์ ปัญจวีณิน,^eบรรณาธิการ
245 00 ^aภาวะฉุกเฉินระบบหัวใจและหลอดเลือด =^bCardiac emergencies /^cประดิษฐ์ ปัญจวีณิน,บรรณาธิการ
246 31 ^aCardiac emergencies
250    ^aพิมพ์ครั้งที่ 5
260    ^aกรุงเทพฯ :^bสาขาวิชาหทัยวิทยา ภาควิชาอายุรศาสตร์ และศูนย์โรคหัวใจสมเด็จพระบรมราชินีนาถ,^c2555
300    ^a347 หน้า :^bภาพประกอบ ;^c21 ซม.
650  7 ^aหัวใจ, ศัลยกรรม
650  7 ^aภาวะฉุกเฉิน
653    ^aผลงานอาจารย์คณะแพทยศาสตร์ศิริราชพยาบาล
700 0  ^aเรวัตร พันธุ์กิ่งทองคำ,^eบรรณาธิการ
700 0  ^aรุ่งโรจน์ กฤตยพงษ์,^eบรรณาธิการ
710 2  ^aมหาวิทยาลัยมหิดล. ^bคณะแพทยศาสตร์ศิริราชพยาบาล.
710 2  ^aมหาวิทยาลัยมหิดล. ^bคณะแพทยศาสตร์ศิริราชพยาบาล.
945    ^p275^l0^i22221
945    ^p275^l0^i22222
995    ทศพร
999 ^a ใช้งานได้ทุกระบบ
รายการนี้ยังไม่มีแท็ก
คุณยังไม่ได้ล็อกอิน คุณสามารถมีกิจกรรมร่วมกับเว็บไซต์ได้ แต่ต้องล็อกอินก่อน ::
  ล็อกอิน

รายการสื่อสารสนเทศ

ลำดับที่ ประเภท เลขเรียก/บาร์โค้ด สถานที่ สถานะ
1. วิทยาศาสตร์การแพทย์ และสุขภาพ
วิทยาศาสตร์การแพทย์ และสุขภาพ
สถานะ=หนังสือเก่า
WG205 ป476ภ ฉ.1 
  Barcode: 22221
ห้องสมุดวิทยาเขตนครสวรรค์
►ส่วนจัดเก็บหนังสือเก่า นว.
บนชั้น
  ขอยืม
2. วิทยาศาสตร์การแพทย์ และสุขภาพ
วิทยาศาสตร์การแพทย์ และสุขภาพ
สถานะ=หนังสือเก่า
WG205 ป476ภ ฉ.2 
  Barcode: 22222
ห้องสมุดวิทยาเขตนครสวรรค์
►ส่วนจัดเก็บหนังสือเก่า นว.
บนชั้น
  ขอยืม

รายการใกล้เคียง
    หัวเรื่อง [หัวใจ, ศัลยกรรม]
    หัวเรื่อง [ภาวะฉุกเฉิน]

BibComment


ยังไม่เคยถูกคอมเมนท์

คอมเมนท์ทรัพยากรรายการนี้
  คอมเมนท์: ภาวะฉุกเฉินระบบห..


 Copyright 2026. Bcnsprnw @Library